MARC

LEADER 00000nam0a2200000 4500
001 357277
005 20231102010957.0
035 |a (RuTPU)RU\TPU\retro\14545 
090 |a 357277 
100 |a 20200804d1954 k y0rusy50 ca 
101 0 |a rus 
102 |a RU 
105 |a a z 001zb 
200 1 |a Избранные биологические произведения  |f К. Ф. Рулье  |g Академия наук СССР ; под ред. Л. Ш. Давиташвили, С. Р. Микулинского 
210 |a Москва  |c Издательство Академии наук СССР  |d 1954 
215 |a 688 с.  |c ил. 
225 1 |a Классики науки 
320 |a Список научных трудов К. Ф. Рулье: с. 675-686 
600 1 |a Рулье  |b К. Ф.  |c российский биолог  |f 1814-1858  |g Карл Францевич  |2 stltpush  |3 (RuTPU)RU\TPU\pers\13140  |9 3824 
606 1 |a Биология  |2 stltpush  |3 (RuTPU)RU\TPU\subj\68258  |9 83692 
610 1 |a органический мир 
610 1 |a развитие 
610 1 |a зоологические исследования 
610 1 |a зоологические наблюдения 
610 1 |a популярные статьи 
610 1 |a письма 
610 1 |a речи 
610 1 |a научно-педагогическая деятельность 
610 1 |a жизнь 
610 1 |a научная деятельность 
675 |a 57  |v 4 
700 1 |a Рулье  |b К. Ф.  |c российский биолог  |f 1814-1858  |g Карл Францевич  |2 stltpush  |3 (RuTPU)RU\TPU\pers\13140  |9 3824 
702 1 |a Давиташвили  |b Л. Ш.  |4 340 
702 1 |a Микулинский  |b С. Р.  |4 340 
712 0 2 |a Академия наук СССР  |c (Ленинград/Москва)  |c (1925-1991)  |2 stltpush  |3 (RuTPU)RU\TPU\col\722  |9 23473 
801 1 |a RU  |b 63413507  |c 20200804 
801 2 |a RU  |b 63413507  |c 20200911  |g RCR 
942 |c BK